Responses for Show #2301 - Monday, September 12, 1994

Contestants

[<< previous game]

Elizabeth Hamilton, a secretary from Everett, Massachusetts

Rowan Carroll, a consultant from Chicago, Illinois

Matt Handel, a marketing analyst from Wayne, Pennsylvania (whose 2-day cash winnings total $40,401)

[next game >>]

Jeopardy! Round responses

THE 20th CENTURY
CLASSIC TELEVISION
U.S. GOVERNMENT
LANGUAGES
WEIGHTS & MEASURES
"T" TIME
    $100 7
Martin Luther King

Matt
    $100 21
The Flintstones

Rowan
    $100 1
income taxes

Rowan
    $100 9
Japanese

Matt
    $100 26
a baker's dozen

Rowan
    $100 2
a teeter-totter

Rowan
    $200 8
the Pentagon Papers

Rowan
    $200 22
Gunsmoke

Rowan
    $200 17
lifetime

Rowan
    $200 12
Greek

Elizabeth
    $200 27
a carat

Elizabeth
    $200 3
(Matt: Oh, sorry.)

twilight

MattRowan
    $300 10
Greenland

Matt
    $300 23
Ralph Kramden

Rowan
    $300 18
the EPA (Environmental Protection Agency)

Rowan
    $300 13
Italian

Rowan
    $300 28
a ton

Elizabeth
    $300 4
(Matt: What is the trombone?)

the trumpet

Matt
Triple Stumper
    $400 11
Bobby Jones

Rowan
    $400 24
F Troop

Rowan
    $400 19
the National Security Council

Matt
    $400 14
the Netherlands

Rowan
    $400 29
lenses

Rowan
    $400 5
Tripoli

Elizabeth
    $500 16
Rogaine

Matt
    $500 25
(Alex: They wrote for [*], [*] on the old Dick Van Dyke series.)

The Alan Brady Show

Triple Stumper
    $1,300 20
John Mitchell

Matt
    $500 15
Sanskrit

Matt
    $500 30
one gallon

Triple Stumper
    $500 6
(Rowan: What is the tertiary?)
(Alex: It's not Jurassic, it's [*].)

Triassic

Rowan
Triple Stumper

Scores at the first commercial break (after clue 15):

Matt Rowan Elizabeth
$500 $1,200 $600

Scores at the end of the Jeopardy! Round:

Matt Rowan Elizabeth
$2,700 $3,200 $1,100

Double Jeopardy! Round responses

MYTHOLOGY
BRITISH HISTORY
HEALTH & MEDICINE
ILLINOIS
FOUNDERS
AMERICAN AUTHORS
    $200 23
Pollux

Matt
    $200 1
Oliver Cromwell

Matt
    $200 2
red blood cells

Rowan
    $200 3
the Mississippi

Matt
    $200 25
the Society of Friends

Rowan
    $200 11
Louisa May Alcott

Elizabeth
    $400 21
the flute

Rowan
    $400 6
hansom cabs

Rowan
    $400 4
the B complex

Rowan
    $400 26
Cook County

Matt
    $400 18
(Elizabeth: What's Little Debbie?)

Sara Lee

Elizabeth
Triple Stumper
    $400 12
F. Scott Fitzgerald

Elizabeth
    $600 19
Aphrodite

Matt
    $600 5
the Order of the Garter

Matt
    $600 10
high blood pressure

Elizabeth
    $600 7
Caterpillar

Matt
    $600 24
Random House

Rowan
    $600 13
(Theodore) Dreiser

Matt
    $800 20
Isis

Rowan
    $800 8
the corn laws

Matt
    $800 14
carpal tunnel syndrome

Matt
    $800 29
the Columbian Exposition

Rowan
    $800 27
(James) Oglethorpe

Matt
    $800 16
John Updike

Elizabeth
    $1000 22
Loki

Rowan
    $2,000 9
Hanover

Matt
    $1000 15
arthroscopy

Matt
    $3,000 30
Marquette & Joliet

Rowan
    $1000 28
Ballet Folklorico

Triple Stumper
    $1000 17
(Bernard) Malamud

Rowan

Scores at the end of the Double Jeopardy! Round:

Matt Rowan Elizabeth
$11,500 $12,000 $2,700

[wagering suggestions for these scores]

Final Jeopardy! Round responses

WORLD CAPITALS
ElizabethWhat is Hanoi?
$2,200
MattWhat is Hanoi?
$11,500
RowanWhat is Hanoi Saigon?
$11,001
Hanoi

Final scores:

Matt Rowan Elizabeth
$23,000 $999 $4,900
3-day champion: $63,401 3rd place: Go Video dual-deck VCR 2nd place: Keller bedroom furniture set + Burlington House bedroom decor set

Game dynamics:

Coryat scores:

Matt Rowan Elizabeth
$9,700 $10,000 $2,700
20 R
(including 2 DDs),
2 W
26 R
(including 1 DD),
1 W
8 R,
1 W

Combined Coryat: $22,400

[game clues] [game scores] [suggest correction]

Game tape date: 1994-07-20
The J! Archive is created by fans, for fans. Scraping, republication, monetization, and malicious use prohibited; this site may use cookies and collect identifying information. See terms. The Jeopardy! game show and all elements thereof, including but not limited to copyright and trademark thereto, are the property of Jeopardy Productions, Inc. and are protected under law. This website is not affiliated with, sponsored by, or operated by Jeopardy Productions, Inc. Join the discussion at JBoard.tv.